| 000 | 00643nam a2200205Ia 4500 | ||
|---|---|---|---|
| 008 | 191130s2009##################000#0#eng## | ||
| 020 | _a9780415444309 | ||
| 022 | _a2008002316 | ||
| 040 |
_aACL _cACL |
||
| 082 | _a420.9 MCI | ||
| 100 | _aMcIntyre, Dan | ||
| 245 |
_aHistory of English : a resource book for students _cDan McIntyre |
||
| 260 |
_aLondon ; New York _bRoutledge _c2009 |
||
| 300 | _axiv, 209 p. : ill., maps ; 26 cm | ||
| 500 | _aIncludes bibliographical references (p. [193]-200) and index | ||
| 650 | _aEnglish language - History | ||
| 990 | _aae1af9edac10000c5b606afb0814bc41 | ||
| 991 | _a419687 | ||
| 999 |
_c205415 _d205415 |
||